00775nam a2200217Ia 4500003000900000008004100009040001300050040001300063041000800076100001600084245003400100250001400134260001500148300000800163490002900171490000600200600014700206942000700353999001300360952018400373IT-RoPAU120407s9999 xx 000 0 und d aIT-RoPAU cIT-RoPAU aita aKarl Rahner aAnche oggi soffia lo Spirito  aBrescia  aQueriniana c cm aMeditazioni teologiche.  v1 a"Tu sei il silenzio Sul sacerdozio Sul Battesimo Sull’eucarestia Anche oggi soffia lo Spirito Lasciarsi perdonare Lasciarsi perdonare " cBK c384d384 00102ddc406230_400000000000000_4271aPAULUSbPAULUSd2012-04-11l0o230.4.42r2012-04-11 00:00:00w2012-04-11yBKzInserito da: In data: n.d. fondo: Via A.Severo 56 Progr:908